000 00637nam a2200193Ia 4500
003 GCL
008 140319s9999 xx 000 0 ara d
040 _aGCL /
_cGCL
082 0 4 _a414.1
_bم ا
100 1 _aمختار عطية
245 1 0 _aالايجاز فى كلام العرب ونص الاعجاز: دراسة بلاغية /
_cمختار عطية
300 _a453 ص
490 _aالهيئة العامة للاستعلامات
_v0
650 0 4 _aاللغة العربية
650 0 4 _aالبلاغة
650 0 4 _aالقران - الفاظ
650 0 4 _aالبلاغة العربية - المعانى
942 _2ddc
_cBK
999 _c49228
_d49228